书目信息 |
| 题名: |
狙击
|
|
| 作者: | 斯潘塞 著 | |
| 分册: | ||
| 出版信息: | 北京 中国市场出版社 2010 |
|
| 页数: | 251页, [1]页图版 | |
| 开本: | 24cm | |
| 丛书名: | 军事精品系列 | |
| 单 册: | ||
| 中图分类: | E922 | |
| 科图分类: | ||
| 主题词: | 步兵武器射击--手册 | |
| 电子资源: | ||
| ISBN: | 978-7-5092-0506-8 | |
| 000 | 01026nam0 2200265 45 | |
| 001 | 1237679497 | |
| 005 | 20120618094936.43 | |
| 010 | @a978-7-5092-0506-8@dCNY58.00 | |
| 100 | @a20120403d2010 ekmy0chiy0120 ea | |
| 101 | 0 | @achi |
| 102 | @aCN@b110000 | |
| 105 | @ay z 000yy | |
| 106 | @ar | |
| 200 | 1 | @a狙击@AJu Ji@dIllustrated manual of sniper skills@f(美) 马克·斯潘塞(Mark Spicer)著@F( Mei ) Ma Ke· Si Pan Sai (Mark Spicer) Zhu@g白堃译@zeng |
| 210 | @a北京@c中国市场出版社@d2010 | |
| 215 | @a251页, [1]页图版@c图@d24cm | |
| 225 | 2 | @a军事精品系列 |
| 330 | @a本书是一本军队和警察狙击手的必备手册。包括训练细节、伪装和隐蔽、潜行和射击技术,描述了狙击者对人高杀伤性和对设备的高破坏性的射击要领,强调了应对狙击技术和恐怖袭击的手段。 | |
| 461 | 0 | @12001 @a军事精品系列 |
| 510 | 1 | @aIllustrated manual of sniper skills@zeng |
| 606 | 0 | @a步兵武器射击@x手册 |
| 690 | @aE922@v4 | |
| 701 | 0 | @c(美)@a斯潘塞@ASi Pan Sai@b马克@g(Mark Spicer)@4著 |
| 801 | 0 | @aCN@bTSTCL@c20120604 |
| 905 | @b0818159-62@dE922@e21@f4 | |
| 狙击=Illustrated manual of sniper skills/(美) 马克·斯潘塞(Mark Spicer)著/白堃译.-北京:中国市场出版社,2010 |
| 251页, [1]页图版:图;24cm.-(军事精品系列) |
| ISBN 978-7-5092-0506-8:CNY58.00 |
| 本书是一本军队和警察狙击手的必备手册。包括训练细节、伪装和隐蔽、潜行和射击技术,描述了狙击者对人高杀伤性和对设备的高破坏性的射击要领,强调了应对狙击技术和恐怖袭击的手段。 |
| ● |
| 相关链接 |
|
|
|
|
正题名:狙击
索取号:E922/21
 
预约/预借
| 序号 | 登录号 | 条形码 | 馆藏地/架位号 | 状态 | 备注 |
| 1 | 0818159 | 208181590 | 第一样本阅览室/ [索取号:E922/21] | 在馆 | |
| 2 | 0818160 | 208181607 | 第一借阅区/ [索取号:E922/21] | 在馆 | |
| 3 | 0818161 | 208181616 | 第一借阅区/ [索取号:E922/21] | 在馆 | |
| 4 | 0818162 | 208181625 | 第一借阅区/ [索取号:E922/21] | 在馆 |